Finish the Great Songs! (Part 8) - Statistics

General Stats
  • This quiz has been taken 278 times
  • The average score is 6 of 15
Answer Stats
Hint Answer % Correct
(Abba) ? Mia Mamma
87%
(Deep Blue Something) ? At Tiffany's Breakfast
80%
(Stevie Wonder) Isn't She ? Lovely
78%
(Reo Speedwagon) Can't ? This Feeling Fight
55%
(Roxette) ? To Your Heart Listen
42%
(Adele) ? You Feel My Love Make
39%
(Fleetwood Mac) ? Lies Little
38%
(Mr Mister) ? Wings Broken
36%
(Take That) ? The World Rule
32%
(T'Pau) China In Your ? Hand
22%
(Kian Egan) I'll ? Be
19%
(The Jam) Going ? Underground
16%
(The Specials) ? Town Ghost
14%
(Lindsey Buckingham) ? Road Holiday
8%
(T Rex) Cosmic ? Dancer
3%
No matching quizzes found
Score Distribution
Percent of People with Each Score
Percentile by Number Answered
Your Score History
You have not taken this quiz